000 00675nam a2200241 4500
008 s2003 fr fre u
020 _a2011253462
020 _a9782011253460
040 _aLB-BrCRDP
082 1 _a3e
_bFRA
100 1 _aBesson, Jean - Jacques
245 1 0 _aFrançais - 3e. Livre unique
_cJean - Jacques Besson
260 _aParis
_bHachette
_c2003
300 _a431 p.
_bcouv. couleur, ill. coul.
_c28 cm
490 0 _aTEXTO collège
500 _aSommaire, annexes, index.
650 4 _aLecture
650 4 _aExpression orale
650 4 _aGrammaire
650 4 _aEB9
942 _cBK
999 _c1344
_d1344